000 00745nac a22001691u 4500
008 100719s1945 ku|||||r|||| 000 0 ara d
082 _bب د و
_a128.5
100 _aبدوي،عبد الرحمن
_916353
245 _aالموت والعبقرية /
_cتأليف عبد الرحمن بدوي
260 _aالكويت:
_bوكالة المطبوعات ،[19??]
_c[19??]
300 _a264 ص؛
_c24 سم
511 _aCatalogued by: Sara
541 _aالف باء؛
_cشراء؛
650 _aالموت (فلسفة)
_916451
942 _cBB
_k128.5ب د و
_2ddc
999 _c6757
_d6757